00530 2200217 4500001002100000005001700021035002400038040001200062082000800074084001400082100002400096245006600120250001100186260003100197300002700228650001500255850001200270990001000282990001000292990001000302YOGYA00000000006345420160816082740.0 0010-081400000063171 aYOPDYOG a170 a170 Sus E aFranz Magnis Suseno aEtika Jawa dalam tantangancFranz magnis Suseno, Reksosusilo. aCet. 1 aYogyakartabKanisiusc1983 a146 hlm.bilus.c21 cm aEtika Jawa aYOPDYOG a044-P a045-P a046-P